|
|
|
|
| LEADER |
00000nab a2200000 a 4500 |
| 001 |
vtls000665398 |
| 003 |
SK-MaSNL |
| 005 |
20260304100030.0 |
| 008 |
250425c1998 xo 0 slo |
| 015 |
|
|
|a SNBRB1998/06-16220
|
| 035 |
|
|
|a CLN000017584
|
| 035 |
|
|
|a urn:nbn:sk:snk-abaijh
|
| 035 |
|
|
|a (urnnbn)urn:nbn:sk:snk:ar-008o3f
|
| 035 |
|
|
|a (uuid)8862ab6c-6e51-4fa4-83ef-8bc5f7033c11
|
| 040 |
|
|
|a SNKBUCL
|b slo
|c SNKBUCL
|e AACR2
|
| 041 |
0 |
|
|a slo
|
| 044 |
|
|
|a xo
|c SK
|
| 080 |
|
|
|a 82.033:885.4-3
|2 1997
|
| 080 |
|
|
|a 885.4-3.033
|2 1997
|
| 100 |
1 |
|
|a Červeňák, Andrej,
|d 1932-2012
|4 aut
|9 153402
|
| 245 |
1 |
0 |
|a S Rozárkou k prazačiatkom bytia
|c Andrej Červeňák
|
| 300 |
|
|
|b Fotogr.
|
| 600 |
1 |
7 |
|a Šikula, Vincent,
|d 1936-2001
|t S Rozarkou
|2 snkbucl
|9 1215851
|
| 655 |
|
7 |
|a analýzy
|2 snkbucl
|9 22242
|
| 773 |
0 |
|
|t Literárny týždenník
|g Roč. 11, č. 23 (1998), s. 11
|x 0862-5999
|
| 850 |
|
|
|a Slovenská národná knižnica
|
| 852 |
|
|
|a Slovenská národná knižnica
|
| 954 |
|
|
|a odborná, vedecká literatúra pôvodná (slovenská)
|2 lita
|
| 958 |
|
|
|a article14
|
| 958 |
|
|
|a SK
|
| 958 |
|
|
|a LX
|
| 958 |
|
|
|a OND
|
| 958 |
|
|
|a EUIPO
|
| 999 |
|
|
|c 2835492
|d 2837422
|